Εθνική αντίσταση επίσημα κείμενα - αναμνήσεις - χρονικά -στοιχεία.
Αποθηκεύτηκε σε:
| Μορφή: | Επιστημονικό περιοδικό |
|---|---|
| Γλώσσα: | Greek |
| Δημοσίευση: |
Αθήνα :
[Κομμουνιστικό Κόμμα Ελλάδας],
1962-
|
| Θέματα: | |
| Ετικέτες: |
Προσθήκη ετικέτας
Δεν υπάρχουν, Καταχωρήστε ετικέτα πρώτοι!
|
MARC
| LEADER | 00000nas a2200000 a 4500 | ||
|---|---|---|---|
| 001 | 1/114288 | ||
| 008 | 170607c19629999gr qr|p|r|||||| ||gre|| | ||
| 022 | |a 1106-6547 | ||
| 040 | |a GR-MyUa |b gre |c GR-MyUa |e AACR2 | ||
| 041 | 0 | |a gre | |
| 082 | 7 | |a 938.664 |2 (23) | |
| 245 | 0 | 0 | |a Εθνική αντίσταση |h [περιοδικό] |b επίσημα κείμενα - αναμνήσεις - χρονικά -στοιχεία. |
| 260 | |a Αθήνα : |b [Κομμουνιστικό Κόμμα Ελλάδας], |c 1962- | ||
| 300 | |a τ. : |b εικ. ; |c 25 εκ. | ||
| 310 | |a Τριμηνιαίο | ||
| 362 | 1 | |a Συλλογή πρώτη, Απρ. 1962- | |
| 500 | |a Η βιβλιοθήκη διαθέτει μεμονωμένα τεύχη του περιοδικού. | ||
| 506 | 1 | |a Μόνο για ανάγνωση. Βρίσκεται σε ειδικό ράφι. Διαθέσιμο εάν ζητηθεί. | |
| 610 | 2 | 0 | |a Εθνικό Απελευθερωτικό Μέτωπο. |
| 650 | 0 | |a Communism |z Greece |x History. | |
| 650 | 0 | |a World War, 1939-1945 |x Underground movements |z Greece. | |
| 853 | |a INST |b LESVOS |c SER |h 320.3209495 | ||
| 920 | |a Μπέϊκου |b Μαρία |y Λέσβος |z 2013-05 | ||
| 970 | |a Τζαφέρη |b Ευαγγελία |z 07-06-2017 | ||